| 000 | 00493nam a2200181Ia 4500 | ||
|---|---|---|---|
| 999 |
_c36311 _d36311 |
||
| 003 | OSt | ||
| 005 | 20201214122354.0 | ||
| 008 | 190216s9999||||xx |||||||||||||| ||und|| | ||
| 020 | _a0862725739 | ||
| 040 | _coclc | ||
| 082 |
_a600 _bPAR/H |
||
| 100 |
_aParker, Steve _97450 |
||
| 245 | 4 |
_a How Things Work / _cSteve Parker |
|
| 260 |
_bKingfisher Books, _c1990. _aLondon: |
||
| 300 | _a157p | ||
| 650 | _aHow Things Work | ||
| 942 |
_cREF _2ddc _h600 _iPAR/H _k600 _mPAR/H |
||